000 00665nam a2200277Ia 4500
005 20260324115201.0
008 008 260324s9999 xx 000 0 eng d
020 _a9780203729854
037 _aEBOOK
040 _aCRL
040 _beng
040 _cCRL
041 _2eng
041 _aeng
084 _qCRL
100 _aHumberto Ochoa-Dominguez; K. R. Rao
_91153685
245 0 _aDiscrete Cosine Transform, Second Edition
260 _bTaylor and Francis
260 _c2019
365 _a
365 _b305
856 _uhttp://www.taylorfrancis.com/books/9780203729854
942 _cEBOOK
999 _c1744378
_d1744378